01122nam a2200241 a 4500001001000000005001700010008004100027020001500068020001500083040001800098050002400116100002300140245016600163260008000329300004200409500023300451500003400684504002700718600006700745700003200812700002000844700001600864BRCA_168020190320203514.0990223s1999 nyua---##b---#001-0#eng-# a0847822141 a0872731383 aDLCcDLCdDLC 4aND237.J6b.C37 19991 aCarbone, Teresa A.10aEastman JohnsonbPainting AmericacTeresa A. Carbone, Patricia Hills ; with contributions by Jane Weiss, Sarah Burns, Anne C. Rose ; edited by Teresa A. Carbone. aNew YorkbBrooklyn Museum of Art : Rizzoli International Publicationsc1999 a272 p.bil. (algunas a color)c30 cm. aCatálogo de la exposición realizada en el the Brooklyn Museum of Art (Nueva York), 29 octubre 1999 - 6 febrero 2000 en San Diego Museum of Art, 26 febrero - 21 mayo 2000 y en Seattle Art Museum, 8 junio - 10 septiembre, 2000 aIncluye índice alfabético aBibliografía: p. 26714aJohnson, Eastmand1824-1906vExposicionesxColecciones de arte1 aJohnson, Eastmand1824-19061 aHills, Patricia1 aWeiss, Jane